Statistics for Madagascar Characters

Click here to take the quiz!

General Stats

  • This quiz has been taken 490 times
  • The average score is 9 of 14

Answer Stats

Actor/ActressCharacter DescriptionCharacter% Correct
Ben StillerA lionAlex
97%
Chris RockA zebraMarty
95%
Jada Pinkett SmithA strong, confident, and sweet hippoGloria
90%
Tom McGrathThe leader of the penguinsSkipper
84%
David SchwimmerA giraffe who is afraid of germsMelman
81%
Andy RichterAn adorable Goodman's mouse lemurMort
71%
Sacha Baron CohenA ring-tailed lemur and king of the lemursKing Julien
68%
Christopher KnightsAn eager and lowly penguin with a lazy eyePrivate
66%
Jeffrey KatzenbergA smart and silent penguin who is expressed through grunts and squealsRico
63%
Chris MillerA penguin and Skipper's right handKowalski
57%
Cedric the EntertainerAn aye-aye and the royal advisor of the aboveMaurice
56%
NoneThe chimpanzee that doesn't talkPhil
37%
Conrad VernonThe chimpanzee that talksMason
23%
Elisa GabrielliThe old woman that beats Alex up in the subway systemNana
21%

Score Distribution

Percentile by Number Answered

Percent of People with Each Score

Your Score History

You have not taken this quiz